00651nam a2200193Ia 4500003000900000008004100009020001800050040001600068080002100084100002000105245015900125260004800284300001300332650004100345650001800386650002400404650001700428650001200445IN-BaIIA211028s9999 xx 000 0 eng d a0-521-24601-6 cIIA Library a533:523.6bALP-2 aAlpert , Ya. L. 4aThe near-Earth and interplanetary plasmabvol. 2, plasma flow, plasma waves and oscillationscYa. L. Alpert  aCambridgebCambridge University Pressc1983 ax, 259p. aAstronomy and astrophysics thesaurus aIonized gases aPlasma astrophysics aPlasma flows aPlasmas